NBA Players by Picture - D.R. Congo - Statistics

General Stats
  • This quiz has been taken 31 times
  • The average score is 3 of 6
Answer Stats
Picture Answer % Correct
Dikembe Mutombo
100%
Jonathan Kuminga
90%
Bismack Biyombo
76%
Emmanuel Mudiay
41%
Oscar Tshiebwe
17%
Christian Eyenga
0%
No matching quizzes found
Score Distribution
Percent of People with Each Score
Percentile by Number Answered
Your Score History
You have not taken this quiz